[Event "Maringa op 3rd"]
[Site "Maringa"]
[Date "2013.07.27"]
[Round "7"]
[White "Cruz, William Ferreira Da"]
[Black "Dotorivo de Sousa, Eduardo"]
[Result "1-0"]
[WhiteElo "2170"]
[BlackElo "1998"]
[PlyCount "56"]
[EventDate "2013.07.24"]
[EventType "swiss"]
[EventRounds "8"]
[EventCountry "BRA"]
[SourceTitle "CBM 155 Extra"]
[Source "ChessBase"]
[SourceDate "2013.08.26"]
[SourceVersion "1"]
[SourceVersionDate "2013.08.26"]
[SourceQuality "1"]

1. d4 Nf6 2. c4 c5 3. d5 e6 4. Nc3 exd5 5. cxd5 d6 6. e4 g6 7. Nf3 Bg7 8. h3 0-0 9. Bd3 Re8 10. 0-0 b6 11. Re1 h6 12. Bf4 Nh5 13. Bh2 Na6 14. Bb5 Re7 15. e5 dxe5 16. Nxe5 Bb7 17. d6 Rxe5 18. Bxe5 Bxe5 19. Rxe5 Qf6 20. Re7 Bxg2 21. Kxg2 Nf4+ 22. Kh2 Ne6 23. Rxe6 Qxf2+ 24. Kh1 fxe6 25. Qg4 Kg7 26. Rg1 g5 27. Ne4 Qe3 28. Bxa6 Rf8 1-0

[Event "Foz do Iguacu op 3rd"]
[Site "Foz do Iguacu"]
[Date "2013.05.31"]
[Round "1"]
[White "Dotorivo de Sousa, Eduardo"]
[Black "Dos Santos Pinto, Caio"]
[Result "1-0"]
[WhiteElo "1975"]
[BlackElo "1773"]
[PlyCount "57"]
[EventDate "2013.05.31"]
[EventType "swiss"]
[EventRounds "6"]
[EventCountry "BRA"]
[SourceTitle "CBM 154 Extra"]
[Source "ChessBase"]
[SourceDate "2013.06.25"]
[SourceVersion "2"]
[SourceVersionDate "2013.06.25"]
[SourceQuality "1"]

1. d4 Nf6 2. c4 g6 3. Nc3 Bg7 4. e4 d6 5. f3 0-0 6. Be3 Nbd7 7. Qd2 e5 8. Nge2 exd4 9. Nxd4 Ne5 10. Be2 Be6 11. Nxe6 fxe6 12. 0-0 Qe7 13. Rfd1 a6 14. Rac1 Rad8 15. Bg5 Qf7 16. Qe3 Rd7 17. Rd2 Nh5 18. Rcd1 Nf4 19. Bxf4 Qxf4 20. Qxf4 Rxf4 21. c5 Bf8 22. b4 Rff7 23. cxd6 Rxd6 24. Rxd6 Bxd6 25. a3 Kf8 26. h3 Rd7 27. f4 Ke7 28. fxe5 Bxe5 29. Rxd7+ 1-0

[Event "Curitiba Oliveira Memorial"]
[Site "Curitiba"]
[Date "2012.12.14"]
[Round "1"]
[White "Dotorivo de Sousa, Eduardo"]
[Black "Dias, Anderson Tatsch"]
[Result "0-1"]
[WhiteElo "1940"]
[BlackElo "2232"]
[PlyCount "72"]
[EventDate "2012.12.14"]
[EventType "swiss"]
[EventRounds "6"]
[EventCountry "BRA"]
[SourceTitle "CBM 152 Extra"]
[Source "ChessBase"]
[SourceDate "2013.02.25"]
[SourceVersion "1"]
[SourceVersionDate "2013.02.25"]
[SourceQuality "1"]

1. Nf3 c5 2. b3 d5 3. Bb2 Nc6 4. e3 a6 5. d4 cxd4 6. Nxd4 Nf6 7. Nxc6 bxc6 8. Bd3 g6 9. 0-0 Bg7 10. Nd2 0-0 11. h3 a5 12. a4 Qb6 13. Nf3 c5 14. Rb1 Rd8 15. Bxf6 exf6 16. Qe2 f5 17. Bb5 Bc3 18. Qd3 Qf6 19. Rbd1 Bb7 20. Qe2 Kg7 21. Ne1 h5 22. Nd3 Rac8 23. Nf4 h4 24. Rd3 d4 25. Rdd1 Qg5 26. Bc4 Rd6 27. Rd3 Be4 28. Rdd1 Re8 29. Bd3 Bb7 30. Bc4 Re4 31. Qf3 Rd7 32. Rd3 Rxe3 33. Qxe3 dxe3 34. Rxd7 Qxf4 35. Rxf7+ Kh6 36. Rxb7 exf2+ 0-1

[Event "Maringa op 2nd"]
[Site "Maringa"]
[Date "2012.08.12"]
[Round "9"]
[White "Baldwin, John P"]
[Black "Dotorivo de Sousa, Eduardo"]
[Result "1/2-1/2"]
[WhiteElo "1965"]
[BlackElo "1940"]
[PlyCount "44"]
[EventDate "2012.08.08"]
[EventType "swiss"]
[EventRounds "9"]
[EventCountry "BRA"]
[SourceTitle "CBM 149 Extra"]
[Source "ChessBase"]
[SourceDate "2012.08.24"]
[SourceVersion "1"]
[SourceVersionDate "2012.08.24"]
[SourceQuality "1"]

1. b3 Nf6 2. Bb2 e6 3. e3 d5 4. Bd4 Bd6 5. Bb2 Bf8 6. d4 Bd6 7. Nf3 0-0 8. c4 c6 9. Bd3 Nbd7 10. Nbd2 Re8 11. 0-0 dxc4 12. Nxc4 Bc7 13. Qc2 h6 14. e4 Nh7 15. d5 exd5 16. exd5 Nhf6 17. d6 Bb6 18. b4 Nd5 19. a3 N7f6 20. Be5 Bd7 21. Rac1 Rc8 22. Qd2 a6 1/2-1/2

[Event "Maringa op 2nd"]
[Site "Maringa"]
[Date "2012.08.09"]
[Round "3"]
[White "Deus Filho, Joaquim"]
[Black "Dotorivo de Sousa, Eduardo"]
[Result "1/2-1/2"]
[WhiteElo "2116"]
[BlackElo "1940"]
[PlyCount "63"]
[EventDate "2012.08.08"]
[EventType "swiss"]
[EventRounds "9"]
[EventCountry "BRA"]
[SourceTitle "CBM 149 Extra"]
[Source "ChessBase"]
[SourceDate "2012.08.24"]
[SourceVersion "1"]
[SourceVersionDate "2012.08.24"]
[SourceQuality "1"]

1. e4 d6 2. d4 Nf6 3. f3 Nbd7 4. Bc4 e5 5. Ne2 a6 6. a4 Be7 7. 0-0 0-0 8. c3 Rb8 9. a5 Re8 10. Nd2 Nf8 11. f4 exd4 12. e5 Ng4 13. cxd4 d5 14. Bd3 Ne3 15. Qe1 Nxf1 16. Nxf1 Bg4 17. Neg3 Bd7 18. Ne3 Bb5 19. Bb1 c5 20. Nef5 cxd4 21. Nxe7+ Qxe7 22. Bd2 Qh4 23. Qd1 g6 24. Ra3 Ne6 25. Rf3 Ng7 26. f5 Rxe5 27. Rf4 Qd8 28. Rxd4 Re8 29. Bc3 Qc7 30. Rxd5 Rbd8 31. Qd4 f6 32. Ba2 1/2-1/2